| 000 | 01118cam a2200301 i 4500 | ||
|---|---|---|---|
| 001 | 11949 | ||
| 003 | BD-RjUL | ||
| 005 | 20211208235217.0 | ||
| 008 | 140127s1976 enka b 101 0 eng | ||
| 020 | _a0121237508 | ||
| 035 | _a(BD-RjUL)11998 | ||
| 040 |
_aDLC _cDLC _dDLC _dBD-RjUL _beng |
||
| 041 | _aeng | ||
| 082 | 0 | 0 |
_a616.83 _bBIO |
| 245 | 0 | 0 |
_aBiochemistry and neurology : _bproceedings of a conference organized by the Neurochemical Group of the Biochemical Society and held at Nottingham University, April 1975 / _cedited by H. F. Bradford, C. D. Marsden. |
| 260 |
_aLondon ; _aNew York : _bAcademic Press, _c1976. |
||
| 300 |
_ax, 298 p. : _bill. ; _c25 cm. |
||
| 504 | _aIncludes bibliographies and indexes. | ||
| 650 | 0 |
_aEpilepsy _xCongresses. _937048 |
|
| 650 | 0 |
_aMovement disorders _xCongresses. _937049 |
|
| 650 | 0 |
_aNeurochemistry _xCongresses. _937050 |
|
| 700 | 1 |
_aBradford, H. F. _q(Harry F.) _937051 |
|
| 700 | 1 |
_aMarsden, C. David. _937052 |
|
| 710 | 2 |
_aBiochemical Society (Great Britain). _bNeurochemical Group. _937053 |
|
| 942 |
_2ddc _cBK |
||
| 999 |
_c11949 _d11949 |
||